Química: curso universitario
Na minha lista:
| Autor principal: | |
|---|---|
| Formato: | Livro |
| Idioma: | espanhol |
| Publicado em: |
Wilmington
Addison-Wesley Iberoamericana
1990
|
| Edição: | 4a. ed |
| Assuntos: | |
| Tags: |
Adicionar Tag
Sem tags, seja o primeiro a adicionar uma tag!
|
MARC
| LEADER | 00000nam a2200000 a 4500 | ||
|---|---|---|---|
| 001 | UCW2717 | ||
| 003 | CL-VaPUC | ||
| 008 | 930812e19900000US |||||||||||||||||spa|d | ||
| 082 | 0 | 4 | |a 540 |b MAH |2 21 |
| 100 | |a Mahan, Bruce H. |e autor |9 373214 | ||
| 245 | 1 | 0 | |a Química: curso universitario |
| 250 | |a 4a. ed | ||
| 300 | |a 954 p | ||
| 942 | |c BK | ||
| 945 | |d 19930812 00:00:00 | ||
| 260 | |a Wilmington |b Addison-Wesley Iberoamericana |c 1990 | ||
| 650 | 0 | |a Química |9 259896 | |
| 583 | |a last modification |c 19930812 00:00:00 |k Rodrigo Vera | ||
| 999 | |c 217188 |d 217186 | ||
| 952 | |0 0 |1 0 |4 0 |6 540_000000000000000_MAH_1990 |7 0 |8 A |9 204038 |a BIBCUR |b BIBCUR |d 2019-11-15 |i 2712822 |l 3 |m 2 |o 540 MAH 1990 |p 2712822 |r 2025-04-29 |s 2025-04-09 |w 2019-11-15 |y BK |k QUI | ||
| 952 | |0 0 |1 0 |4 0 |6 540_000000000000000_MAH_1990 |7 0 |8 A |9 204039 |a BIBCUR |b BIBCUR |d 2019-11-15 |i 320250K |o 540 MAH 1990 |p 320250K |r 2025-04-22 |w 2019-11-15 |y BK |k BCB | ||